000 00382nam a2200145Ia 4500
008 150201s1983 xx 000 0 und d
082 _a615
_bP1983K
100 _aHARSH MOHAN
245 _aPHARMACOLOGY FOR THE DENTAL HYGIENIST
250 _a2ND
260 _bLEA & FEBIGER PUBLICATION
_aPHILADELPHIA ( U.S.A)
_c1983
300 _a1-390
650 _aPHARMACOLOGY
942 _2ddc
_cBK
999 _c3100
_d3100